An introduction to mechanics

Αποθηκεύτηκε σε:
Λεπτομέρειες βιβλιογραφικής εγγραφής
Κύριος συγγραφέας: Kleppner, Daniel
Άλλοι συγγραφείς: Kolenkow, Robert J.
Μορφή: Βιβλίο
Γλώσσα:English
Δημοσίευση: New York : McGraw-Hill, c1973
Θέματα:
Ετικέτες: Προσθήκη ετικέτας
Δεν υπάρχουν, Καταχωρήστε ετικέτα πρώτοι!

MARC

LEADER 00000nam a2200000 i 4500
001 1/39899
008 971111s1973 eng d
020 |a 0-07-035048-5 
035 |a 1997  |c ΔΩΡΕΑ ΤΖΑΦΕΡΗ  |l 10041122 
040 |a GR-MY-UA  |b gre  |e aacr 
041 0 |a eng 
082 0 |a 531 
100 1 |a Kleppner, Daniel. 
245 1 3 |a An introduction to mechanics /  |c Daniel Kleppner, Robert J. Kolenkow 
260 |a New York :   |b McGraw-Hill,   |c c1973 
300 |a xxii, 546 p.;  |b ill.;  |c 24 cm. 
500 |a Includes index 
650 0 0 |a Mechanics. 
700 1 |a Kolenkow, Robert J. 
852 |a INST  |b SAMOS  |e 19971111  |h 531 KLE  |p 005300008541  |q 005300008541  |t BK  |y 0 
901 |a BIBL-1997-2 
909 |a Σ  |b 050522